| 000 | 00987cab a2200361 4500 | ||
|---|---|---|---|
| 001 | ABS58278 | ||
| 008 | 090401t1998 xxu||||| |||| 00| 0 eng d | ||
| 035 | _a(Sirsi) u84291 | ||
| 041 | _aeng | ||
| 245 | _aRegional survey: Yorkshire | ||
| 260 | _c1998 | ||
| 350 | _a0 | ||
| 490 |
_aProperty Week _v61(6) 13 February 1998, 34-66(13) |
||
| 650 | _aBRADFORD | ||
| 650 | _aDONCASTER | ||
| 650 | _aHARROGATE | ||
| 650 | _aHUMBERSIDE | ||
| 650 | _aINDUSTRIAL MARKET | ||
| 650 | _aLEEDS | ||
| 650 | _aLEISURE MARKET | ||
| 650 | _aPROPERTY-COMMERCIAL PROPERTY-OFFICE PROPERTY-OFFICE PROPERTY MARKET | ||
| 650 | _aPROPERTY-COMMERCIAL PROPERTY-RETAIL PROPERTY-RETAIL PROPERTY MARKET | ||
| 650 | _aRIPON | ||
| 650 | _aSHEFFIELD | ||
| 650 | _aSOUTH YORKSHIRE | ||
| 650 | _aWAKEFIELD | ||
| 650 | _aWEST YORKSHIRE | ||
| 650 | _aYORK | ||
| 650 | _aYORKSHIRE | ||
| 690 | _aPROPERTY-COMMERCIAL PROPERTY-COMMERCIAL PROPERTY MARKET | ||
| 942 | _n0 | ||
| 948 | _c17/02/1998 | ||
| 999 |
_c52965 _d52965 |
||